| Tag |
First Indicator |
Second Indicator |
Subfields |
| LEADER |
00000pam a22000004a 4500 |
| 001 |
in00001749986 |
| 005 |
20151025063030.0 |
| 008 |
020924s2003 miua b s001 0 eng |
| 010 |
|
|
|a 2002015816
|
| 020 |
|
|
|a 0472088793 (Cloth : alk. paper)
|
| 035 |
|
|
|a (OCoLC)ocm50684235
|
| 040 |
|
|
|a DLC
|c DLC
|d TXA
|d UtOrBLW
|
| 042 |
|
|
|a pcc
|
| 043 |
|
|
|a n-us---
|
| 049 |
|
|
|a TXAM
|
| 050 |
0 |
0 |
|a LB885.C5235
|b P53 2003
|
| 082 |
0 |
0 |
|a 370/.1
|2 21
|
| 100 |
1 |
|
|a Clarke, Mark A.
|
| 245 |
1 |
2 |
|a A place to stand :
|b essays for educators in troubled times /
|c Mark A. Clarke ; foreword by Mary Catherine Bateson.
|
| 264 |
|
1 |
|a Ann Arbor :
|b University of Michigan Press,
|c [2003]
|
| 264 |
|
4 |
|c ©2003
|
| 300 |
|
|
|a xii, 249 pages :
|b illustrations ;
|c 23 cm.
|
| 336 |
|
|
|a text
|b txt
|2 rdacontent
|
| 337 |
|
|
|a unmediated
|b n
|2 rdamedia
|
| 338 |
|
|
|a volume
|b nc
|2 rdacarrier
|
| 490 |
1 |
|
|a Surviving innovation ;
|v v. 1
|
| 504 |
|
|
|a Includes bibliographical references (pages 233-237) and index.
|
| 505 |
0 |
|
|a The way things are : the rationale for this book -- A systems perspective of changing, teaching, and learning -- Elements of the change process -- Changing things : the rhythms of reform and resistance -- Coherence : aligning thought and action in teaching -- Empowerment : issues, constraints, and cautionary comments -- Finding a place to stand : teaching in dangerous times.
|
| 650 |
|
0 |
|a Education
|z United States
|x Philosophy.
|
| 650 |
|
0 |
|a Educational change
|z United States.
|
| 650 |
|
0 |
|a Effective teaching
|z United States.
|
| 650 |
|
0 |
|a Education
|x Social aspects
|z United States.
|
| 830 |
|
0 |
|a Surviving innovation ;
|v v. 1.
|
| 948 |
|
|
|a cataloged
|b h
|c 2003/5/20
|d c
|e dmitchel
|f 9:32:10 am
|
| 994 |
|
|
|a E0
|b TXA
|
| 999 |
|
|
|a MARS
|
| 999 |
f |
f |
|s c28eeaea-8fdf-3ec7-a950-804252a2300a
|i ef7a32b1-4ec1-3a15-a0f6-a83b133bd41e
|t 0
|
| 952 |
f |
f |
|p normal
|a Texas A&M University
|b College Station
|c Sterling C. Evans Library
|d Evans: Library Stacks
|t 0
|e LB885.C5235 P53 2003
|h Library of Congress classification
|i unmediated -- volume
|m A14830232040
|
| 998 |
f |
f |
|a LB885.C5235 P53 2003
|t 0
|l Evans: Library Stacks
|